Normal view
MARC view
Entry Personal Name
001 - CONTROL NUMBER
- control field: 9553
003 - CONTROL NUMBER IDENTIFIER
- control field: BD-RjUL
005 - DATE AND TIME OF LATEST TRANSACTION
- control field: 20231015152947.0
008 - FIXED-LENGTH DATA ELEMENTS
- fixed length control field: 231015|| aca||aabn | a|a d
040 ## - CATALOGING SOURCE
- Original cataloging agency: BD-RjUL
- Transcribing agency: BD-RjUL
100 ## - HEADING--PERSONAL NAME
- Personal name: Thill, John V.
670 ## - SOURCE DATA FOUND
- Source citation: Work cat.: (BD-RjUL)82114: Bovée, Courtland L. author. 9550, Business communication today /